00431nam a2200157Ia 4500008004100000020001500041041001200056082001600068100001700084245007600101250000800177260004800185300000800233650001600241700001600257221030s9999 xx 000 0 und d a812241379X aEnglish a105.23bBaj aS. K. Bajpai 0aIntroduction to Computers & C Programmingcby S. K. Bajpai, D. S. Yadav a3rd bNew Age International Pub.aNew Delhic2002 a391 aBE Computer aD. S. Yadav